000 00852nam a22002297a 4500
999 _c22534
_d22534
003 AR-CdUCM
008 190423b ||||| |||| 00| 0 spa d
020 _a9786123165130
040 _aMUNICIPALIDAD PROVINCIAL DEL CUSCO
_cBIBLIOTECA MUNICIPAL DEL CUSCO
041 _hspa
082 _aES/808.0683/M342
_bM342
100 _aMariscal Crevoisier, Javier
_948437
245 _aA la vuelta del mundo /
_cJavier Mariscal Crevoisier ; ilustraciones de Carmen García
260 _aLima :
_bSM,
_c2017.
300 _a125 páginas :
_bilustraciones en color,
_c19 cm.
500 _a"Premio El Barco de Vapor 2016 - Perú. BNP. Biblioteca Nacional del Perú" "+ 9 años"--Cubierta.
650 _aNovelas infantiles peruanas
_948438
650 _aSiglo XXI
_948439
700 _aGarcía, Carmen
_eilustrador
_948440
942 _2ddc
_cLIBROS
945 _arac